| 000 | 00881 a2200181 4500 | ||
|---|---|---|---|
| 003 | Nust | ||
| 005 | 20230705131619.0 | ||
| 040 | _cNust | ||
| 082 | _a516.24,LON | ||
| 100 |
_aLoney.S.L _939358 |
||
| 245 |
_aPlane Trigonometry / _cS.L.Loney |
||
| 250 | _aPart 1, | ||
| 260 |
_aLondon _bMacmillan _c1938. |
||
| 300 | _a326:p | ||
| 505 | _aMeasurement Of Angles (Page-1), Trigonometrical Ratios For Angles (Page-19), Simple Problems In Height And Distances (Page-40), Applications Of Algebraic Signs (Page-47), General Expressions For All Angles (Page-64), Trigonometric Ratios Of The Sum (Page-87), Identities And Trigonometical Equations (Page-131), Logarithms (Page-146), Solution Of Triangles (Page-189), Heights And Distances (Page-211), Inverse Circular Functions (Page-273), Elimination (Page-290). | ||
| 650 |
_aPlane Trigonometry _939132 |
||
| 942 |
_2ddc _cBK _k516.24,LON |
||
| 999 |
_c180914 _d180914 |
||